书目信息 |
| 书名: | Intercultural faultlines | |
| 作者: | Maeve Olohan编. | |
| 分册号: | ||
| 分册名: | 出版地: | Beijing : |
|
| 出版社: | Foreign Language Teaching and Research Press | |
| 出版时间: | 2006. | |
| 页数: | xvii, 279 p. : | |
| 开本: | 23 cm. | |
| 丛书名: | 外研社翻译研究文库 | |
| 中图分类号: | ||
| 科图分类号: | ||
| 其他分类号: | H059 | |
| 主题词: | ||
| 电子资源: | ||
| 000 | 01603cam a2200517 a 4500 | |
| 001 | E0735072144 | |
| 003 | CAL | |
| 005 | 20070818094549.75 | |
| 008 | 061212r20062000cc a b 001 0 eng d | |
| 020 | @a7560059465 :@cCNY33.90. | |
| 040 | @aNPU@cNPU@dSCT | |
| 050 | 4 | @aP306.5@b.I55 2000 |
| 082 | 04 | @a418/.02/072@221 |
| 090 | @aH059 | |
| 093 | @aH059-53@24 | |
| 099 | @dH059@ex18:8 | |
| 245 | 00 | @aIntercultural faultlines :@bresearch models in translation studies I : textual and cognitive aspects = 超越文化断裂 : 翻译学研究模式 (I) : 文本与认知的译学研究 / @cMaeve Olohan编. |
| 246 | 31 | @a超越文化断裂 :@b翻译学研究模式 (I) : 文本与认知的译学研究 |
| 260 | @aBeijing :@bForeign Language Teaching and Research Press,@c2006. | |
| 300 | @axvii, 279 p. :@bill. ;@c23 cm. | |
| 440 | 0 | @a外研社翻译研究文库 |
| 504 | @aIncludes bibliographical references and index. | |
| 534 | @pReprint. Originally published:@cNorthampton, MA : St. Jerome, c2000.@z1900650444. | |
| 650 | 0 | @aLinguistic models. |
| 650 | 0 | @aTranslating and interpreting@xResearch@xMethodology. |
| 700 | 1 | @aOlohan, Maeve. |
| 920 | @a211010@z2 | |
| 920 | @a242170@z2 | |
| 920 | @a242120@z1 | |
| 920 | @a211030@z2 | |
| 920 | @a242030@z2 | |
| 920 | @aF44010@z2 | |
| 920 | @a211070@z2 | |
| 920 | @a211130@z1 | |
| 920 | @a231010@z2 | |
| 920 | @a211270@z1 | |
| 920 | @a212010@z1 | |
| 920 | @a244180@z2 | |
| 920 | @a251010@z1 | |
| 920 | @a231220@z2 | |
| 920 | @a244290@z1 | |
| 920 | @a221010@z2 | |
| 920 | @a244050@z1 | |
| 920 | @a233020@z1 | |
| 920 | @a261030@z2 | |
| 998 | @aNPU | |
| Intercultural faultlines : : research models in translation studies I : textual and cognitive aspects = 超越文化断裂 : 翻译学研究模式 (I) : 文本与认知的译学研究 / / Maeve Olohan编.-Beijing : : Foreign Language Teaching and Research Press, , 2006. |
| xvii, 279 p. : : ill. ; ; 23 cm.- (外研社翻译研究文库) |
| Includes bibliographical references and index. |
| ISBN 7560059465 :CNY33.90. |
| ● |
| 相关链接 |
|
|
|
|
正题名:Intercultural faultlines
索取号:H059/x18:8
 
预约/预借
| 序号 | 登录号 | 条形码 | 馆藏地/架位号 | 状态 | 备注 |
| 1 | 0016456 | 300164569 | 第二样本阅览室/ [索取号:H059/x18:8] | 在馆 | |
| 2 | 0016457 | 300164578 | 第四借阅区/ [索取号:H059/x18:8] | 在馆 | |
| 3 | 0016458 | 300164587 | 第四借阅区/ [索取号:H059/x18:8] | 在馆 | |
| 4 | 0016459 | 300164596 | 第四借阅区/ [索取号:H059/x18:8] | 在馆 | |
| 5 | 0016460 | 300164603 | 第四借阅区/ [索取号:H059/x18:8] | 在馆 |